| 000 | 00847nam a2200265 i 4500 | ||
|---|---|---|---|
| 001 | 19121 | ||
| 003 | ES-MaACL | ||
| 005 | 20250901051845.0 | ||
| 007 | t| | ||
| 008 | 020529s2000 sp ||||0| spa j | ||
| 020 | _a84-376-1866-5 | ||
| 040 |
_aM-BN _bspa _cM-BN |
||
| 080 | _a821.134.2.09"18" | ||
| 080 | _a070(460)"18" | ||
| 100 | 1 |
_aSánchez Llama, Iñigo. _9102725 |
|
| 245 | 1 | 0 |
_aGalería de escritoras isabelinas _b: la prensa periódica entre 1833 y 1895 / _cIñigo Sánchez Llama. |
| 260 |
_aMadrid : _bCátedra, _c[2000] |
||
| 300 |
_a417 p ; _c21 cm. |
||
| 490 | 1 |
_aFeminismos ; _v61 |
|
| 650 | 1 | 4 |
_aLiteratura española- _xAutoras- _yS.XIX- _xHistoria y crítica. _914545 |
| 650 | 1 | 4 |
_aPrensa- _zEspaña- _yS.XIX. _916359 |
| 830 | 0 | 0 |
_aFeminismos _v61 _9179833 |
| 852 |
_aES-MaACL _jL-25547 _bR.130296 |
||
| 999 |
_c19121 _d19121 |
||